000 00438nam a2200193Ia 4500
008 170918s9999 xx 000 0 und d
020 _a9781409120971
050 _bR211wa 2003
100 _aRankin, Ian
245 _aWatchman /
245 _cby Ian Rankin.
260 _aGreat Britain :
260 _bOrion Books,
260 _c2003
300 _a269 pages :
300 _billustrations ;
300 _c19cm.
500 _a920
999 _c343969
_d343969